Star Wars Characters By Letter - R - Statistics

General Stats
  • This quiz has been taken 78 times
  • The average score is 6 of 8
Answer Stats
Picture Answer % Correct
R2-D2
100%
Rey
98%
Rose Tico
88%
Rancor
86%
Rotta the Huttlet
65%
Reva (Third Sister)
63%
R5-D4
40%
Ryder Azadi
39%
No matching quizzes found
Score Distribution
Percent of People with Each Score
Percentile by Number Answered
Your Score History
You have not taken this quiz